000 00475 a2200157 4500
999 _c219
_d219
008 220330b ||||| |||| 00| 0 eng d
020 _a9789280116328
082 0 0 _a363.123
_bI339
110 _976
_aInternational Maritime Organization
245 _aPort facility security officer (Model Course 3.21)
260 _aLondon:
_bInternational Maritime Organization,
_c2015.
300 _av, 68 p.
490 0 _aModel Course;
_v3.21
650 0 _aMerchant Marine
942 _2ddc
_cBK